000 00957nam0a22002531 4500
001 rc\180669
005 20030307113437.9
010 _a5-7455-0903-1
_91000
035 _a(NLR Aleph) 005440113
090 _a4748267
_c4748267
100 _a20030307d1996 u |0rusy50 ca
101 0 _arus
102 _aRU
105 _ay |||||||||
200 1 _aПрокурорский надзор за исполнением законов о предпринимательской деятельности и защите прав потребителей
_fПод ред. А.М. Рекункова
210 _aВоронеж
_cИзд-во Воронеж. ун-та
_d1996
215 _a230, [1] с.
_d20
320 _aБиблиогр.: с. 228-229 (23 назв.)
700 1 _aРозенфельд
_bВ. Г.
_gВладимир Григорьевич
801 0 _aRU
_bNLR
_gpsbo
801 1 _aRU
_bELAR
_2rusmarc
852 _aNLR
_j97-3/807
942 _cBOOK
980 _aNB